Working in English video
Bewaard in:
| Formaat: | Boek |
|---|---|
| Taal: | Undetermined |
| Gepubliceerd in: |
Cambrridge
Cambrridge University Press
2001
|
| Onderwerpen: | |
| Tags: |
Voeg label toe
Geen labels, Wees de eerste die dit record labelt!
|
| Thư viện lưu trữ: | Trung tâm Học liệu Trường Đại học Cần Thơ |
|---|
| LEADER | 00546nam a2200169Ia 4500 | ||
|---|---|---|---|
| 001 | CTU_121328 | ||
| 008 | 210402s9999 xx 000 0 und d | ||
| 082 | |a 428.34 | ||
| 082 | |b W926 | ||
| 245 | 0 | |a Working in English video | |
| 260 | |a Cambrridge | ||
| 260 | |b Cambrridge University Press | ||
| 260 | |c 2001 | ||
| 650 | |a English language,English language | ||
| 650 | |x Study and teaching,Foreign speakers,Vocational guidance,Study and teaching,Vocational guidance | ||
| 904 | |i M.Loan | ||
| 980 | |a Trung tâm Học liệu Trường Đại học Cần Thơ | ||